00000000nam##2200000za#4500
0019.662905
003CaOODSP
00520210615120807
007ta
008150407|2001||||xxc|||||     f|0| 0 eng|d
020 |a0-662-65850-7
040 |aCaOODSP|beng
041 |aeng
041 |afre
043 |an-cn---
0861 |aSP7-1/2001
1101 |aCanada. |bQueen's Printer.
24510|a160 years of the Canada Gazette
260 |aOttawa - Ontario : |bQueen's Printer |c2001.
300 |aix, 56p. ; |c22 cm.
5203 |aThis book is about the commitment of a government to inform its citizens. At the center of this promise is a single official newspaper, the Canada Gazette. With the publication of this book, we commemorate 160 years of coordinating, producing, publishing and distributing the Canada Gazette. In that time, it has captured a unique place in the evolving history of our country -- yesterday, today and tomorrow.
546 |aBilingual
563 |aSoftcover
590 |a01-45|b2001-11-09
69007|aGovernment publications|2gcpds
69007|aHistory|2gcpds
7760#|t160 ans de la Gazette du Canada |w(CaOODSP)9.676750
792 |t160 ans de la Gazette du Canada |efre|w(CaOODSP)9.662906